Die Jugendkriminalität: Erscheinungsformen, Ursachen, Behandlung

Guardado en:  
Detalles Bibliográficos
Autor principal: Brückner, Günther 1921- (Autor)
Tipo de documento: Print Libro
Lenguaje:Alemán
Publicado: Hamburg Kriminalistik-Verl. [1956]
En:Año: 1956
Availability in Albert-Krebs Library:HB.40.028
2015-90
Verificar disponibilidad: HBZ Gateway
Servicio de pedido Subito: Pedir ahora.
Palabras clave:

MARC

LEADER 00000cam a22000002c 4500
001 1804665924
003 DE-627
005 20260206192507.0
007 tu
008 220519s1956 xx ||||| 00| ||ger c
035 |a (DE-627)1804665924 
035 |a (DE-603)178393134 
035 |a (DE-599)KXP1804665924 
035 |a (OCoLC)14623706 
040 |a DE-627  |b ger  |c DE-627  |e rakwb 
041 |a ger 
084 |a 2,1  |2 ssgn 
084 |a PH 8420  |2 rvk  |0 (DE-625)rvk/136501: 
084 |a DG 8000  |2 rvk  |0 (DE-625)rvk/19561: 
084 |a MS 2400  |2 rvk  |0 (DE-625)rvk/123637: 
100 1 |8 1\p  |a Brückner, Günther  |d 1921-  |e VerfasserIn  |0 (DE-588)130589489  |0 (DE-627)504167499  |0 (DE-576)29828460X  |4 aut 
109 |a Brückner, Günther 1921- 
245 1 4 |a Die Jugendkriminalität  |b Erscheinungsformen, Ursachen, Behandlung  |c von Günther Brückner 
264 1 |a Hamburg  |b Kriminalistik-Verl.  |c [1956] 
300 |a 264 S. 
336 |a Text  |b txt  |2 rdacontent 
337 |a ohne Hilfsmittel zu benutzen  |b n  |2 rdamedia 
338 |a Band  |b nc  |2 rdacarrier 
505 8 |a Literaturverz. S. [234] - 257 
505 8 |a Literaturverz. S. [234] - 257 
650 0 7 |0 (DE-588)4028893-6  |0 (DE-627)106276565  |0 (DE-576)208979999  |a Jugendkriminalität  |2 gnd 
650 4 |a Jugendkriminalität  |7 (dpeaa)DE-2619 
883 |8 1\p  |a cgwrk  |d 20241001  |q DE-101  |u https://d-nb.info/provenance/plan#cgwrk 
935 |a mkri 
935 |h HEB  |i 0501 
935 |h HEB  |i 0503 
936 r v |a PH 8420  |b Kinderkriminalität; Jugendkriminalität; Frauenkriminalität, Mädchenkriminalität; Alterskriminalität; Ausländerkriminalität  |k Rechtswissenschaft  |k Strafrecht, Strafverfahrensrecht, Kriminologie  |k Kriminologie  |k Soziale Profile; Soziale Gruppen; Tätergemeinschaften (hier auch: Internationale Kriminalität)  |k Kinderkriminalität; Jugendkriminalität; Frauenkriminalität, Mädchenkriminalität; Alterskriminalität; Ausländerkriminalität  |0 (DE-627)1271674998  |0 (DE-625)rvk/136501:  |0 (DE-576)201674998 
936 r v |a DG 8000  |b Jugendkriminalität, Fürsorgeerziehung, Resozialisierung  |k Pädagogik  |k Spezialfragen der Erziehung  |k Jugendkriminalität, Fürsorgeerziehung, Resozialisierung  |0 (DE-627)1270769502  |0 (DE-625)rvk/19561:  |0 (DE-576)200769502 
936 r v |a MS 2400  |b Jugendkriminalität und -verwahrlosung  |k Soziologie  |k Spezielle Soziologien  |k Jugendsoziologie  |k Jugendkriminalität und -verwahrlosung  |0 (DE-627)1271440997  |0 (DE-625)rvk/123637:  |0 (DE-576)201440997 
936 s n |a p100  |2 mzub 
936 s n |a d100  |2 mzub 
936 s n |a m200  |2 mzub 
951 |a BO 
ELC |b 1 
LOK |0 000 xxxxxcx a22 zn 4500 
LOK |0 001 4196267378 
LOK |0 003 DE-627 
LOK |0 004 1804665924 
LOK |0 005 20221011150722 
LOK |0 008 221011||||||||||||||||ger||||||| 
LOK |0 035   |a (DE-2619)k01054 
LOK |0 040   |a DE-2619  |c DE-627  |d DE-2619 
LOK |0 092   |o n 
LOK |0 541   |e Bestand Albert-Krebs-Bibliothek: 2015-90 
LOK |0 852   |a DE-2619 
LOK |0 852 1  |c HB.40.028  |m p  |9 00 
LOK |0 935   |a kreb 
LOK |0 938   |k p 
LOK |0 939   |a 11-10-22  |b l01 
ORI |a SA-MARC-krimdoka001.raw